The enjoyment of mathematics: selections from mathematics for the amateur
Salvato in:
| Autori principali: | , |
|---|---|
| Natura: | Libro |
| Lingua: | spagnolo |
| Pubblicazione: |
Princeton
Princeton University Press
1957
|
| Soggetti: | |
| Tags: |
Aggiungi Tag
Nessun Tag, puoi essere il primo ad aggiungerne!!
|
MARC
| LEADER | 00000nam a2200000 a 4500 | ||
|---|---|---|---|
| 001 | UCW0993 | ||
| 003 | CL-VaPUC | ||
| 008 | 900813e19570000US |||||||||||||||||spa|d | ||
| 082 | 0 | 4 | |a 510 |b RAD |2 21 |
| 100 | 0 | |a Rademacher, Hans |e author |9 304905 | |
| 700 | 0 | |a Toeplitz, Otto |e author |9 304906 | |
| 245 | 1 | 4 | |a The enjoyment of mathematics: selections from mathematics for the amateur |
| 300 | |a 204 p | ||
| 942 | |c BK | ||
| 945 | |d 19900813 00:00:00 | ||
| 260 | |a Princeton |b Princeton University Press |c 1957 | ||
| 650 | 7 | |a MATEMATICAS RECREATIVAS |2 CL-VaPUC |9 269273 | |
| 583 | |a last modification |c 20120528 09:49:09 |k Rodrigo Vera | ||
| 999 | |c 215984 |d 215982 | ||
| 952 | |0 0 |1 0 |4 0 |6 510_000000000000000_RAD_1957 |7 0 |8 A |9 201308 |a BIBMAT |b BIBMAT |d 2019-11-14 |i 2684780 |o 510 RAD 1957 |p 2684780 |r 2025-01-07 |w 2019-11-14 |y BK |k MAT | ||